Vivir mejor / (Registro nro. 47417)

Detalles MARC
000 -LEADER
campo de control de longitud fija 00553nam a2200193 i 4500
001 - NÚMERO DE CONTROL
campo de control 47417
003 - IDENTIFICADOR DE NÚMERO DE CONTROL
campo de control ES-MaACL
005 - FECHA Y HORA DE LA ÚLTIMA TRANSACCIÓN
campo de control 20230906161547.0
007 - CAMPO FIJO DE DESCRIPCIÓN FÍSICA--INFORMACIÓN GENERAL
campo de control de longitud fija t|
008 - DATOS DE LONGITUD FIJA--INFORMACIÓN GENERAL
campo de control de longitud fija 030424s1959 sp |||| | spa d
080 ## - NÚMERO DE LA CLASIFICACIÓN DECIMAL UNIVERSAL
Número de la Clasificación Decimal Universal 159.947
100 1# - ENTRADA PRINCIPAL--NOMBRE DE PERSONA
Nombre de persona Battista, O. A.
9 (RLIN) 26483
245 10 - MENCIÓN DEL TÍTULO
Título Vivir mejor /
Mención de responsabilidad, etc. por O.A. Battista ; [traducción de José María Claramunda Bes].
260 ## - PUBLICACIÓN, DISTRIBUCIÓN, ETC.
Lugar de publicación, distribución, etc. Barcelona :
Nombre del editor, distribuidor, etc. Bruguera,
Fecha de publicación, distribución, etc. [1959]
300 ## - DESCRIPCIÓN FÍSICA
Extensión 270 p. ;
Dimensiones 21 cm.
650 14 - PUNTO DE ACCESO ADICIONAL DE MATERIA--TÉRMINO DE MATERIA
Término de materia o nombre geográfico como elemento de entrada Éxito.
9 (RLIN) 12681
700 1# - ENTRADA AGREGADA--NOMBRE PERSONAL
Nombre de persona Claramunda Bes, José María.
9 (RLIN) 38998
852 ## - LOCALIZACIÓN
Ubicación ES-MaACL
Número de control de estantería C-16633
Existencias
Estatus retirado Estado de pérdida Estado de daño No para préstamo Biblioteca de origen Biblioteca actual Ubicación en estantería Fecha de adquisición Fuente de adquisición Total de préstamos Signatura topográfica completa Código de barras Visto por última vez Precio de reemplazo Tipo de ítem Koha
        Biblioteca del Ateneo de Madrid Biblioteca del Ateneo de Madrid Galería 17/01/2008     C-16633 1049886 23/02/2023 23/02/2023 Libro impreso